[Event "Bastiais Master"]
[Site "Bastia"]
[Date "2003.??.??"]
[Round "?"]
[White "Concalves, Manuel"]
[Black "Bos, Bernard"]
[Result "0-1"]
[WhiteElo "1499"]
[BlackElo "1480"]
[PlyCount "69"]
[EventDate "2003.??.??"]
[EventType "swiss"]
[EventRounds "7"]
[EventCountry "FRA"]
[SourceTitle "EXT 2007"]
[Source "ChessBase"]
[SourceDate "2006.11.23"]
[SourceVersion "1"]
[SourceVersionDate "2006.11.23"]
[SourceQuality "1"]

1. c4 c5 2. e4 Nc6 3. Nf3 e6 4. d3 d5 5. exd5 exd5 6. Qe2+ Be7 7. Ne5 Nd4 8. Qd1 Nf6 9. h3 0-0 10. Be3 Nf5 11. Bg5 d4 12. Nd2 Re8 13. Be2 h6 14. Bxf6 Bxf6 15. Ng4 b6 16. Ne4 Be7 17. Qd2 Bb7 18. f3 Bh4+ 19. Ngf2 Bxe4 20. fxe4 Ne3 21. Rg1 Bg5 22. g4 Ng2+ 23. Rxg2 Bxd2+ 24. Kxd2 Qg5+ 25. Kc2 Kh8 26. a4 Qe3 27. Re1 Qf4 28. b3 Qe3 29. Nd1 Qg5 30. Rf2 Qh4 31. Rh2 Qxe1 32. h4 Qg3 33. Rh1 Qg2 34. Re1 Qg3 35. Rh1 0-1

[Event "Bastiais Master"]
[Site "Bastia"]
[Date "2003.??.??"]
[Round "?"]
[White "Le Roch, Cyrille"]
[Black "Concalves, Manuel"]
[Result "0-1"]
[WhiteElo "1540"]
[BlackElo "1499"]
[PlyCount "38"]
[EventDate "2003.??.??"]
[EventType "swiss"]
[EventRounds "7"]
[EventCountry "FRA"]
[SourceTitle "EXT 2007"]
[Source "ChessBase"]
[SourceDate "2006.11.23"]
[SourceVersion "1"]
[SourceVersionDate "2006.11.23"]
[SourceQuality "1"]

1. e4 e5 2. Nf3 d6 3. d4 Qe7 4. Nc3 c6 5. dxe5 dxe5 6. Bc4 h6 7. 0-0 Nf6 8. b3 Qc7 9. Bb2 Bd6 10. Re1 Bg4 11. Qd3 b5 12. Nxb5 cxb5 13. Bxb5+ Ke7 14. Nd2 Be6 15. f4 Rd8 16. Kh1 Ng4 17. Qc3 Qb6 18. Ba4 Nf2+ 19. Kg1 Nxe4+ 0-1